Memoria /
Uloženo v:
| Korporace: | , |
|---|---|
| Médium: | Text |
| Vydáno: |
San José:
PRIDENA
|
| Tagy: |
Přidat tag
Žádné tagy, Buďte první, kdo vytvoří štítek k tomuto záznamu!
|
MARC
| LEADER | 00000 a a2200000 04500 | ||
|---|---|---|---|
| 001 | 29887 | ||
| 003 | |||
| 040 | |||
| 090 | |a 194104 |b RECURSO ELECTRONICO | ||
| 110 | |a PRIDENA | ||
| 245 | |a Memoria / |c PRIDENA | ||
| 260 | |a San José: |b PRIDENA | ||
| 300 | |b gráficas | ||
| 710 | |a Programa Interdisciplinario de Estudios y Acción Social sobre los Derechos de la Niñez y la Adolescencia | ||
| 999 | |c 11772 |d 11772 | ||
